Online
Catalog

Los bufones de Dios / (Record no. 10551)

MARC details
000 -CABECERA
campo de control de longitud fija 00904nam a2200265 a 4500
001 - NÚMERO DE CONTROL
campo de control 000010802
005 - FECHA Y HORA DE LA ÚLTIMA TRANSACCIÓN
campo de control 20200929162308.0
008 - DATOS DE LONGITUD FIJA--INFORMACIÓN GENERAL
campo de control de longitud fija 091012s2000 ag 001 0 spa d
020 ## - NÚMERO INTERNACIONAL ESTÁNDAR DEL LIBRO
Número Internacional Estándar del Libro 9501500632
040 ## - FUENTE DE LA CATALOGACIÓN
Centro catalogador/agencia de origen DO-SdBNP
Lengua de catalogación spa
Centro/agencia transcriptor BNPHU
041 17 - CÓDIGO DE LENGUA
Código de lengua del texto/banda sonora o título independiente spa
Fuente del código eng
082 ## - NÚMERO DE LA CLASIFICACIÓN DECIMAL DEWEY
Número de clasificación xxxx
Número de documento/Ítem W516b
049 ## - FONDOS LOCALES (OCLC)
Fondos de biblioteca BNPD
100 1# - ENTRADA PRINCIPAL--NOMBRE DE PERSONA
Nombre de persona West, Morris
Fechas asociadas al nombre [1916-]
9 (RLIN) 26100
240 13 - TÍTULO UNIFORME
Título uniforme The clowns of God
245 14 - MENCIÓN DE TÍTULO
Título Los bufones de Dios /
Mención de responsabilidad, etc. Morris West ; editor Javier Bergara ; traducción : Marta Cruz Coke de Lagos.
260 ## - PUBLICACIÓN, DISTRIBUCIÓN, ETC.
Lugar de publicación, distribución, etc. Buenos Aires :
Nombre del editor, distribuidor, etc. B. Argentinas,
Fecha de publicación, distribución, etc. 2000.
300 ## - DESCRIPCIÓN FÍSICA
Extensión 478 p. ;
Dimensiones 23 cm.
500 ## - NOTA GENERAL
Nota general Texto traducido al español
500 ## - NOTA GENERAL
Nota general Incluye datos biográficos del autor en la solapa
500 ## - NOTA GENERAL
Nota general Incluye notas del autor en la (p. 7)
534 ## - NOTA SOBRE LA VERSIÓN ORIGINAL
Frase introductoria Título original en inglés
Mención de título del original The clowns of God
700 1# - PUNTO DE ACCESO ADICIONAL--NOMBRE DE PERSONA
Nombre de persona Bergara, Javier
Término indicativo de función/relación ed.
9 (RLIN) 26101
700 1# - PUNTO DE ACCESO ADICIONAL--NOMBRE DE PERSONA
Nombre de persona Cruz Coke de Lagos, Marta
Término indicativo de función/relación tr.
9 (RLIN) 26102
Holdings
Estado de retiro Estado de pérdida Restricciones de uso No para préstamo Código de colección Localización permanente Ubicación/localización actual Ubicación en estantería Fecha de adquisición Número de inventario Total de préstamos Signatura topográfica completa Código de barras Fecha visto por última vez Precio válido a partir de Tipo de ítem Koha
        Monografías: Libros y Folletos General General En catalogación 12.10.2009 LF1   xxxx W516b 10802-10 25.06.2020 25.06.2020 Préstamo en sala

Powered by Koha